000 00557cam a22002171 4500
001 sa 65004334
003 DLC
005 20260227112130.0
008 881102s1959 xx 000 0 hino
010 _asa 65004334
035 _a(OCoLC)23562249
040 _aDLC
_cMiU
_dDLC
042 _apremarc
050 0 0 _aPK2098.P7
_bZ68
100 1 _aJośī, Jagadīśa Candra.
245 1 0 _aPrasāda ke aitihāsika nāṭaka.
260 _c[1959]
300 _a6, 6, 406, 4 p.
_c25 cm.
500 _aRomanized.
600 1 0 _aPrasad, Jai Shankar,
_d1889-1937.
999 _c63684
_d63684